عرض عادي
عرض مارك
- العلوم العسكرية
دخول Topical Term
001 - CONTROL NUMBER
- control field: 24716
003 - CONTROL NUMBER IDENTIFIER
- control field: AE-AdECS
005 - DATE AND TIME OF LATEST TRANSACTION
- control field: 20251229081838.0
008 - FIXED-LENGTH DATA ELEMENTS
- fixed length control field: 251229|| aca||aabn | a|a d
040 ## - CATALOGING SOURCE
- Original cataloging agency: AE-AdECS
- Transcribing agency: AE-AdECS
150 ## - HEADING--TOPICAL TERM
- Topical term or geographic name entry element: العلوم العسكرية
- General subdivision: تاريخ
- Chronological subdivision: قرن 21
670 ## - SOURCE DATA FOUND
- Source citation: Work cat.: (AE-AdECS)293583: روسيتير، آش، مؤلف. 24714, الحرب في عصر الروبوتات /
